Simon Kernick Books Quiz Stats

 Plays Quiz not verified by Sporcle

Support Sporcle.
Go Orange.
Score 0/13 Timer 05:00
0 Plays Today
Characters % Correct
Mike BoltRelentless
72.2%
TylerSevered
72.2%
Tina BoydSiege
72.2%
John GallanThe Murder Exchange
66.7%
Dennis MilneA Good Day To Die
61.1%
Dennis Milne and Tina BoydThe Payback
61.1%
Mike Bolt and Tina BoydUltimatum
61.1%
Dennis MilneThe Business of Dying
55.6%
Mike Bolt and Tina BoydTarget
55.6%
Sean Egan and Tina BoydThe Last 10 Seconds
55.6%
John Gallan and Tina BoydThe Crime Trade
50%
Mike BoltDeadline
50%
?Wrong Time Wrong Place
16.7%

You're not logged in!

Compare scores with friends on all Sporcle quizzes.
OR
Log In

From the Vault

Are You Smarter Than a College Student? V

by sproutcm

Cauliflower is nothing but cabbage with a college education. - Mark Twain
Remove Ads.
Support Sporcle.
Get the best of Sporcle when you Go Orange. This ad-free experience offers more features, more stats, and more fun while also helping to support Sporcle. Thank you for becoming a member.

Show Comments

Extras

Created Dec 15, 2012SourceReportNominate
Tags:Book Quiz, Character, simon

Top Quizzes Today


Score Distribution

Your Account Isn't Verified!

In order to create a playlist on Sporcle, you need to verify the email address you used during registration. Go to your Sporcle Settings to finish the process.

Report this User

Report this user for behavior that violates our Community Guidelines.

Details: